000
00203 a2200097 4500
001
57105
100
_a
245
_a
Silmarillion
260
_a
UK
_b
Harper Collins
_c
1999
090
_c
35035
_d
35035
942
_a
NUST-CAE
_c
MONOGRAPH
_c
27820
999
_c
292178
_d
292178